<?xml version="1.0" encoding="UTF-8"?>
<record
    xmlns:xsi="http://www.w3.org/2001/XMLSchema-instance"
    xsi:schemaLocation="http://www.loc.gov/MARC21/slim http://www.loc.gov/standards/marcxml/schema/MARC21slim.xsd"
    xmlns="http://www.loc.gov/MARC21/slim">

  <leader>02443nam a2200289 u 4500</leader>
  <controlfield tag="001">1123025</controlfield>
  <controlfield tag="005">20260507085648.0</controlfield>
  <controlfield tag="007">co|||||||</controlfield>
  <controlfield tag="008">090205s2008                        spa  </controlfield>
  <datafield tag="035" ind1=" " ind2=" ">
    <subfield code="a">1123025</subfield>
  </datafield>
  <datafield tag="040" ind1=" " ind2=" ">
    <subfield code="c">comduadb</subfield>
  </datafield>
  <datafield tag="041" ind1=" " ind2=" ">
    <subfield code="a">spa</subfield>
  </datafield>
  <datafield tag="080" ind1=" " ind2=" ">
    <subfield code="a">WB</subfield>
  </datafield>
  <datafield tag="100" ind1="1" ind2="0">
    <subfield code="a">Pineda Restrepo, Juan Carlos</subfield>
    <subfield code="4">aut</subfield>
    <subfield code="e">aut</subfield>
    <subfield code="9">554996</subfield>
  </datafield>
  <datafield tag="245" ind1="1" ind2="0">
    <subfield code="a">Formulacion del plan de emergencias de la Empresa Muebles, Casa y Campo del municipio el Retiro Antioquia en el a&#xF1;o 2008</subfield>
  </datafield>
  <datafield tag="260" ind1=" " ind2=" ">
    <subfield code="a">Medell&#xED;n :</subfield>
    <subfield code="b">[sin publicador],</subfield>
    <subfield code="c">2008.</subfield>
  </datafield>
  <datafield tag="300" ind1=" " ind2=" ">
    <subfield code="a">1 CD-ROM</subfield>
  </datafield>
  <datafield tag="520" ind1="3" ind2=" ">
    <subfield code="a">Un plan de emergencias es una herramienta de salud ocupacional que permite a las empresas y a las comunidades organizadas prepararse para posibles eventualidades que pongan en peligro la vida de las personas y los bienes materiales. Toda empresa debe elaborar un plan de emergencia que tenga en cuenta cuatro actuaciones concretas: prevenci&#xF3;n y extinci&#xF3;n de incendios, medidas de primeros auxilios, designaci&#xF3;n del personal encargado de poner en pr&#xE1;ctica estas medidas y evacuaci&#xF3;n de personal. La elaboraci&#xF3;n de este plan de emergencias formular&#xE1; conceptos para mejorar la seguridad de los trabajadores y de la empresa  ya que en esta se ha evidenciado la necesidad de su formulaci&#xF3;n para su posterior implementaci&#xF3;n. El objetivo de este plan de emergencias es establecer un procedimiento escrito, que d&#xE9; a conocer a todos los trabajadores y usuarios de la empresa Muebles Casa y Campo, la acci&#xF3;n a seguir en caso de emergencia, con el prop&#xF3;sito de minimizar  lesiones personales y/o da&#xF1;os materiales y as&#xED; permitir restablecer las operaciones de la f&#xE1;brica en el menor tiempo posible. Seg&#xFA;n la evaluaci&#xF3;n de vulnerabilidad realizada en las instalaciones de la empresa Muebles, Casa y Campo se vi&#xF3; como las personas, los recursos y los procesos evidencian que las personas ser&#xE1;n las m&#xE1;s afectadas en caso de ocurrir una emergencia</subfield>
  </datafield>
  <datafield tag="650" ind1=" " ind2=" ">
    <subfield code="a">Planes de emergencia</subfield>
    <subfield code="9">9760</subfield>
  </datafield>
  <datafield tag="650" ind1=" " ind2=" ">
    <subfield code="a">Prevenci&#xF3;n de emergencias</subfield>
    <subfield code="9">41302</subfield>
  </datafield>
  <datafield tag="650" ind1=" " ind2="7">
    <subfield code="a">Salud ocupacional</subfield>
    <subfield code="2">lemb</subfield>
    <subfield code="9">37677</subfield>
  </datafield>
  <datafield tag="650" ind1=" " ind2=" ">
    <subfield code="a">Mueble Casa y Campo (empresa)</subfield>
    <subfield code="9">178807</subfield>
  </datafield>
  <datafield tag="650" ind1=" " ind2="7">
    <subfield code="a">Seguridad industrial</subfield>
    <subfield code="2">lemb</subfield>
    <subfield code="9">119622</subfield>
  </datafield>
  <datafield tag="700" ind1="1" ind2="0">
    <subfield code="a">Montoya Montoya, Margarita Maria</subfield>
    <subfield code="4">ths</subfield>
    <subfield code="e">ths</subfield>
    <subfield code="9">259522</subfield>
  </datafield>
  <datafield tag="942" ind1=" " ind2=" ">
    <subfield code="c">TESIS</subfield>
  </datafield>
  <datafield tag="999" ind1=" " ind2=" ">
    <subfield code="c">488857</subfield>
    <subfield code="d">488857</subfield>
  </datafield>
  <datafield tag="500" ind1=" " ind2=" ">
    <subfield code="a">Tesis (Administrador de Servicios de Salud con &#xC9;nfasis en Gesti&#xF3;n Sanitaria y Ambiental). Universidad de Antioquia. Facultad Nacional de Salud P&#xFA;blica - T&#xED;tulo de la tesis</subfield>
  </datafield>
  <datafield tag="952" ind1=" " ind2=" ">
    <subfield code="0">0</subfield>
    <subfield code="1">0</subfield>
    <subfield code="4">0</subfield>
    <subfield code="7">0</subfield>
    <subfield code="8">SEMIACTIV2</subfield>
    <subfield code="a">BSP</subfield>
    <subfield code="b">BSP</subfield>
    <subfield code="d">2009-02-05</subfield>
    <subfield code="e">Material adquirido por donaci&#xF3;n</subfield>
    <subfield code="i">C1032017</subfield>
    <subfield code="l">0</subfield>
    <subfield code="o">WB105 P5-08 CD-ROM</subfield>
    <subfield code="p">61000002945166</subfield>
    <subfield code="r">2023-04-28 00:00:00</subfield>
    <subfield code="t">1</subfield>
    <subfield code="w">2023-04-28</subfield>
    <subfield code="y">DIGITAL</subfield>
  </datafield>
</record>
